[Event "North American op 31st"]
[Site "Las Vegas"]
[Date "2021.12.29"]
[Round "8"]
[White "Liang, Awonder"]
[Black "Hevia Alejano, Carlos Antonio"]
[Result "1-0"]
[WhiteElo "2597"]
[BlackElo "2447"]
[PlyCount "37"]
[EventDate "2021.12.26"]
[EventType "swiss"]
[EventRounds "9"]
[EventCountry "USA"]
[SourceTitle "CBM 205 Extra"]
[Source "ChessBase"]
[SourceDate "2022.01.31"]
[SourceVersion "1"]
[SourceVersionDate "2022.01.31"]
[SourceQuality "1"]

1. e4 e6 2. d4 d5 3. Nc3 Bb4 4. e5 c5 5. a3 Bxc3+ 6. bxc3 Ne7 7. Qg4 0-0 8. Bd3 Nbc6 9. Bg5 Qa5 10. Ne2 cxd4 11. f4 b6 12. Bf6 Ng6 13. h4 gxf6 14. exf6 Ba6 15. h5 Bxd3 16. hxg6 fxg6 17. Qxe6+ Rf7 18. Rxh7 Nd8 19. Rg7+ 1-0

[Event "Mexico City Fenamac-B"]
[Site "Mexico City"]
[Date "2021.07.04"]
[Round "8"]
[White "Cofre Archibold, Nestor"]
[Black "Hevia Alejano, Carlos Antonio"]
[Result "1/2-1/2"]
[WhiteElo "2279"]
[BlackElo "2467"]
[PlyCount "71"]
[EventDate "2021.06.30"]
[EventType "tourn"]
[EventRounds "9"]
[EventCountry "MEX"]
[EventCategory "2"]
[SourceTitle "EXT 2022"]
[Source "ChessBase"]
[SourceDate "2021.10.06"]
[SourceVersion "1"]
[SourceVersionDate "2021.10.06"]
[SourceQuality "1"]

1. c4 c5 2. g3 Nc6 3. Bg2 g6 4. Nc3 Bg7 5. a3 d6 6. Rb1 a5 7. Nf3 e5 8. 0-0 Nge7 9. Ne1 Be6 10. d3 0-0 11. Bg5 f6 12. Be3 b6 13. Nc2 Rb8 14. b4 axb4 15. axb4 Nd4 16. Bd2 f5 17. Bg5 Bf6 18. Bxf6 Rxf6 19. f4 exf4 20. gxf4 Nxc2 21. Qxc2 d5 22. cxd5 Nxd5 23. Nxd5 Bxd5 24. bxc5 Rc8 25. Bxd5+ Qxd5 26. Qb3 Qxb3 27. Rxb3 Rxc5 28. Rb2 Kf7 29. Rfb1 Rcc6 30. Kf2 h6 31. h4 Rfd6 32. h5 g5 33. Rb5 Kf6 34. fxg5+ hxg5 35. h6 Kg6 36. h7 1/2-1/2

[Event "Mexico City Fenamac-B"]
[Site "Mexico City"]
[Date "2021.07.03"]
[Round "7"]
[White "Hernandez Jimenez, Alexander Andres"]
[Black "Hevia Alejano, Carlos Antonio"]
[Result "0-1"]
[WhiteElo "2145"]
[BlackElo "2467"]
[PlyCount "129"]
[EventDate "2021.06.30"]
[EventType "tourn"]
[EventRounds "9"]
[EventCountry "MEX"]
[EventCategory "2"]
[SourceTitle "EXT 2022"]
[Source "ChessBase"]
[SourceDate "2021.10.06"]
[SourceVersion "1"]
[SourceVersionDate "2021.10.06"]
[SourceQuality "1"]

1. e4 d5 2. exd5 Qxd5 3. Nc3 Qa5 4. g3 Nf6 5. Bg2 c6 6. d4 Bf5 7. Nf3 e6 8. 0-0 Be7 9. a3 0-0 10. Rb1 Nd5 11. Bd2 Qa6 12. Re1 Rd8 13. Bf1 Qb6 14. Na4 Qc7 15. Rc1 Nd7 16. c4 N5f6 17. Bf4 Bd6 18. Bxd6 Qxd6 19. Qb3 Bg4 20. Bg2 Bxf3 21. Bxf3 Rab8 22. Qe3 Nb6 23. Nxb6 axb6 24. Rcd1 Rd7 25. b4 Rbd8 26. Kg2 h6 27. h4 b5 28. c5 Qc7 29. Qe5 Ra8 30. Re3 Qd8 31. Red3 Nd5 32. Be4 Qe8 33. g4 Qe7 34. Rh1 Qf6 35. Qxf6 Nxf6 36. Kf3 g5 37. h5 Rad8 38. Rhd1 Kg7 39. R1d2 Ng8 40. Ke3 Ne7 41. f4 f5 42. gxf5 exf5 43. Bg2 Kf6 44. Ra2 Re8 45. Kf2 Nd5 46. Bxd5 Rxd5 47. a4 bxa4 48. Rxa4 Re4 49. fxg5+ hxg5 50. Ra7 Re7 51. b5 Red7 52. bxc6 bxc6 53. Ra6 Rc7 54. h6 g4 55. Rb3 Rxd4 56. Rbb6 Kg5 57. Rxc6 Rd2+ 58. Ke3 Rxc6 59. Rxc6 Rh2 60. Rd6 f4+ 61. Ke4 Re2+ 62. Kd3 Re7 63. c6 f3 64. Rd7 f2 65. Kd2 0-1

[Event "Dulles Cherry Blossom op"]
[Site "Dulles"]
[Date "2021.05.30"]
[Round "6"]
[White "Paul, Justin"]
[Black "Hevia Alejano, Carlos Antonio"]
[Result "0-1"]
[WhiteElo "2276"]
[BlackElo "2467"]
[PlyCount "72"]
[EventDate "2021.05.27"]
[EventType "swiss"]
[EventRounds "9"]
[EventCountry "USA"]
[SourceTitle "CBM 203 Extra"]
[Source "ChessBase"]
[SourceDate "2021.09.30"]
[SourceVersion "1"]
[SourceVersionDate "2021.09.30"]
[SourceQuality "1"]

1. e4 e6 2. Qe2 c5 3. g3 Nc6 4. Nf3 g6 5. Bg2 Bg7 6. c3 Nge7 7. h4 h6 8. 0-0 e5 9. Na3 0-0 10. h5 g5 11. Nc4 d6 12. Nh2 f5 13. d3 d5 14. Ne3 Be6 15. g4 fxg4 16. exd5 Nxd5 17. Nxd5 Bxd5 18. Be4 Be6 19. Be3 Qd6 20. Kh1 Rad8 21. Rg1 Ne7 22. c4 Nf5 23. Nxg4 Nd4 24. Qd1 Kh8 25. Nh2 Bf5 26. Nf1 Qe6 27. Rg2 Bxe4 28. dxe4 Nf3 29. Qe2 Qh3+ 30. Rh2 Qg4 31. Ng3 Rd4 32. Qf1 Nxh2 33. Kxh2 Rf3 34. Qh3 Rxe4 35. Rd1 Rxg3 36. fxg3 Qxh3+ 0-1

[Event "Dulles Cherry Blossom op"]
[Site "Dulles"]
[Date "2021.05.29"]
[Round "4"]
[White "Theodorou, Nikolas"]
[Black "Hevia Alejano, Carlos Antonio"]
[Result "1-0"]
[WhiteElo "2554"]
[BlackElo "2467"]
[PlyCount "89"]
[EventDate "2021.05.27"]
[EventType "swiss"]
[EventRounds "9"]
[EventCountry "USA"]
[SourceTitle "CBM 203 Extra"]
[Source "ChessBase"]
[SourceDate "2021.09.30"]
[SourceVersion "1"]
[SourceVersionDate "2021.09.30"]
[SourceQuality "1"]

1. Nf3 d5 2. g3 e6 3. Bg2 Nf6 4. 0-0 Be7 5. d3 0-0 6. Nbd2 c5 7. e4 Nc6 8. Re1 Qc7 9. e5 Nd7 10. Qe2 b5 11. Nf1 Bb7 12. Bf4 Rfc8 13. h4 Qd8 14. N1h2 a5 15. h5 h6 16. Qd2 a4 17. a3 b4 18. g4 bxa3 19. bxa3 Nf8 20. g5 hxg5 21. Bxg5 Nh7 22. Bxe7 Nxe7 23. Nh4 Nc6 24. N2f3 Nd4 25. Nxd4 Qxh4 26. Nb5 Bc6 27. Nd6 Rc7 28. f4 Qxh5 29. Re3 Nf8 30. Rf1 Ng6 31. f5 exf5 32. Rh3 Qg4 33. Nxf5 Re8 34. Rg3 Qh5 35. Rg5 Qh7 36. Qd1 Kf8 37. Rh5 Qg8 38. d4 Re6 39. Qd2 f6 40. Qa5 Qf7 41. Rh7 cxd4 42. Rxg7 Qxg7 43. Nxg7 Rce7 44. Nxe6+ Rxe6 45. Rxf6+ 1-0

[Event "Titled Tuesday intern op 09th Feb"]
[Site "Chess.com INT"]
[Date "2021.02.09"]
[Round "2"]
[White "Hevia Alejano, Carlos Antonio"]
[Black "Gaboyan, Susanna"]
[Result "1-0"]
[WhiteElo "2467"]
[BlackElo "2211"]
[PlyCount "109"]
[EventDate "2021.02.09"]
[EventType "swiss (blitz)"]
[EventRounds "11"]
[EventCountry "USA"]
[SourceTitle "EXT 2022"]
[Source "ChessBase"]
[SourceDate "2021.10.06"]
[SourceVersion "1"]
[SourceVersionDate "2021.10.06"]
[SourceQuality "1"]

1. e4 c5 2. Nf3 Nc6 3. Bb5 g6 4. Bxc6 dxc6 5. 0-0 Bg4 6. d3 e5 7. Nbd2 f6 8. h3 Bxf3 9. Qxf3 Nh6 10. a4 Nf7 11. a5 h5 12. Nc4 g5 13. Qf5 Be7 14. Be3 Qd7 15. Qxd7+ Kxd7 16. f3 Rag8 17. g4 hxg4 18. hxg4 Rh3 19. Kg2 Rgh8 20. Rh1 Rxh1 21. Rxh1 Rxh1 22. Kxh1 Nd8 23. Kg2 Ne6 24. Kf1 Kc7 25. c3 b5 26. axb6+ axb6 27. Nd2 b5 28. Ke2 Kb6 29. Nf1 Ka5 30. Kd2 c4 31. Ng3 cxd3 32. Kxd3 Ka4 33. Kc2 Bc5 34. b3+ Ka3 35. Bc1+ Ka2 36. Nh5 Be7 37. Ng3 Nc5 38. b4 Nb3 39. Bb2 Na1+ 40. Bxa1 Kxa1 41. Nf5 Bd8 42. Kb3 Kb1 43. c4 Kc1 44. Kc3 Kd1 45. Nd6 Ke2 46. c5 Kxf3 47. Nb7 Bc7 48. Na5 Kxg4 49. Nxc6 Kf3 50. Na7 g4 51. Nxb5 Bb8 52. Kd3 g3 53. Nc3 g2 54. Ne2 Kf2 55. b5 1-0

[Event "Titled Tuesday intern op 09th Feb"]
[Site "Chess.com INT"]
[Date "2021.02.09"]
[Round "1"]
[White "Vifleemskaia, Svetlana"]
[Black "Hevia Alejano, Carlos Antonio"]
[Result "1-0"]
[WhiteElo "1926"]
[BlackElo "2467"]
[PlyCount "73"]
[EventDate "2021.02.09"]
[EventType "swiss (blitz)"]
[EventRounds "11"]
[EventCountry "USA"]
[SourceTitle "EXT 2022"]
[Source "ChessBase"]
[SourceDate "2021.10.06"]
[SourceVersion "1"]
[SourceVersionDate "2021.10.06"]
[SourceQuality "1"]

1. d4 e6 2. c4 Nf6 3. Nc3 Bb4 4. e3 0-0 5. Nge2 d5 6. a3 Be7 7. cxd5 exd5 8. Nf4 Re8 9. Bd3 Bd6 10. 0-0 Bxf4 11. exf4 Nc6 12. Bc2 Ne7 13. h3 Bf5 14. Bxf5 Nxf5 15. Qd3 h5 16. Qxf5 Qd6 17. Bd2 Qb6 18. Nxd5 Nxd5 19. Qxd5 Qxb2 20. Be3 c6 21. Qxh5 Re6 22. f5 Rd6 23. Qg4 Re8 24. a4 Re7 25. a5 Qb5 26. Rfb1 Qd5 27. Rc1 f6 28. h4 Re4 29. Qf3 Rxh4 30. Qxd5+ Rxd5 31. Rcb1 Rd7 32. f3 Kf7 33. Rc1 Rc7 34. Ra2 Rh8 35. Rac2 Rhc8 36. d5 Ke7 37. d6+ 1-0

[Event "Titled Tuesday intern op 19th Jan"]
[Site "Chess.com INT"]
[Date "2021.01.19"]
[Round "7"]
[White "Gedgafov, Chamal"]
[Black "Hevia Alejano, Carlos Antonio"]
[Result "0-1"]
[WhiteElo "2154"]
[BlackElo "2467"]
[PlyCount "82"]
[EventDate "2021.01.19"]
[EventType "swiss (blitz)"]
[EventRounds "11"]
[EventCountry "USA"]
[SourceTitle "CBM 200 Extra"]
[Source "ChessBase"]
[SourceDate "2021.03.31"]
[SourceVersion "1"]
[SourceVersionDate "2021.03.31"]
[SourceQuality "1"]

1. e4 c5 2. Nf3 e6 3. b4 cxb4 4. a3 bxa3 5. d4 d5 6. e5 a6 7. Bd3 Bd7 8. 0-0 Bb5 9. Bxb5+ axb5 10. Bxa3 b4 11. Bb2 Rxa1 12. Bxa1 Nc6 13. c3 Nh6 14. Qa4 Nf5 15. Nbd2 bxc3 16. Bxc3 Be7 17. Rb1 Qc8 18. Qb5 0-0 19. Qxb7 Qxb7 20. Rxb7 Rc8 21. g4 Nh4 22. Nxh4 Bxh4 23. Nf3 Be7 24. Kf1 Kf8 25. Ke2 Ra8 26. Kd3 Ke8 27. Rc7 Nd8 28. h4 h6 29. g5 hxg5 30. hxg5 Ra6 31. Bd2 g6 32. Nh2 Rc6 33. Ra7 Rc4 34. Bc3 Nc6 35. Ra8+ Kd7 36. f4 Bb4 37. Bb2 Be7 38. Bc3 Kc7 39. Ng4 Kb7 40. Nh2 Kxa8 41. Ng4 Kb7 0-1

[Event "Titled Tuesday intern op 19th Jan"]
[Site "Chess.com INT"]
[Date "2021.01.19"]
[Round "3"]
[White "Grigoriants, Sergey"]
[Black "Hevia Alejano, Carlos Antonio"]
[Result "0-1"]
[WhiteElo "2546"]
[BlackElo "2467"]
[PlyCount "90"]
[EventDate "2021.01.19"]
[EventType "swiss (blitz)"]
[EventRounds "11"]
[EventCountry "USA"]
[SourceTitle "CBM 200 Extra"]
[Source "ChessBase"]
[SourceDate "2021.03.31"]
[SourceVersion "1"]
[SourceVersionDate "2021.03.31"]
[SourceQuality "1"]

1. e4 e6 2. d4 d5 3. Nc3 Bb4 4. e5 Qd7 5. Qg4 f5 6. Qg3 b6 7. Nh3 Ba6 8. Bxa6 Nxa6 9. Nf4 0-0-0 10. Bd2 Nh6 11. 0-0-0 Rhg8 12. h4 Bxc3 13. Qxc3 Kb7 14. f3 Rc8 15. Kb1 Rge8 16. Nh5 Ng8 17. g4 Qf7 18. Nf4 Ne7 19. h5 c5 20. dxc5 Rxc5 21. Qd3 Rec8 22. c3 Rc4 23. b3 R4c6 24. Rdf1 Nc5 25. Qe3 Qe8 26. g5 Qd7 27. Ne2 f4 28. Qxf4 Nf5 29. Nd4 Nd3 30. Qg4 Nxd4 31. Qxd4 Nc5 32. Rc1 Qf7 33. Qf4 Qg8 34. g6 hxg6 35. hxg6 Nd3 36. Qg4 Nxc1 37. Rxc1 Qh8 38. Qg5 Qh3 39. Qf4 Qh5 40. Qf7+ R8c7 41. Qe8 Qf5+ 42. Kb2 Qxf3 43. Rc2 d4 44. c4 Qe4 45. Qd8 Qxe5 0-1

[Event "Titled Tuesday intern op 19th Jan"]
[Site "Chess.com INT"]
[Date "2021.01.19"]
[Round "5"]
[White "Nakamura, Hikaru"]
[Black "Hevia Alejano, Carlos Antonio"]
[Result "1-0"]
[WhiteElo "2736"]
[BlackElo "2467"]
[PlyCount "99"]
[EventDate "2021.01.19"]
[EventType "swiss (blitz)"]
[EventRounds "11"]
[EventCountry "USA"]
[SourceTitle "CBM 200 Extra"]
[Source "ChessBase"]
[SourceDate "2021.03.31"]
[SourceVersion "1"]
[SourceVersionDate "2021.03.31"]
[SourceQuality "1"]

1. e4 e6 2. f4 d5 3. e5 c5 4. Nf3 Nh6 5. d4 Nf5 6. dxc5 Bxc5 7. Bd3 Nc6 8. c3 h5 9. Nbd2 Nce7 10. Nf1 Bd7 11. Ng3 h4 12. Nxf5 Nxf5 13. Qe2 Qb6 14. Bxf5 exf5 15. b4 Be7 16. Be3 Qc7 17. Bd4 Be6 18. h3 a6 19. 0-0 Rc8 20. a4 Qc4 21. Qf2 Rh6 22. Kh2 Kf8 23. Rfc1 Kg8 24. Qd2 Rg6 25. Bf2 Rh6 26. Nd4 Qc7 27. Rab1 Qd8 28. Qd3 Rc4 29. Nxf5 Bxf5 30. Qxf5 Re4 31. Bd4 g6 32. Qg4 g5 33. Rf1 Rg6 34. Qf5 Qe8 35. Rbe1 Rxe1 36. Rxe1 gxf4 37. e6 fxe6 38. Rxe6 Rxe6 39. Qxe6+ Qf7 40. Qc8+ Kh7 41. Qg4 Bd6 42. Qxh4+ Kg6 43. Qg4+ Kh7 44. Kg1 Qe7 45. Qh5+ Kg8 46. Qxd5+ Kf8 47. Kf1 Ke8 48. Qg8+ Kd7 49. Qg7 Qxg7 50. Bxg7 1-0

[Event "Pan American Intercollegiate-chT"]
[Site "Chess.com INT"]
[Date "2021.01.05"]
[Round "6"]
[White "Bartel, Mateusz"]
[Black "Hevia Alejano, Carlos Antonio"]
[Result "1/2-1/2"]
[WhiteElo "2638"]
[BlackElo "2467"]
[PlyCount "88"]
[EventDate "2021.01.04"]
[EventType "team-swiss (rapid)"]
[EventRounds "9"]
[EventCountry "USA"]
[SourceTitle "CBM 200 Extra"]
[Source "ChessBase"]
[SourceDate "2021.03.31"]
[SourceVersion "1"]
[SourceVersionDate "2021.03.31"]
[SourceQuality "1"]
[WhiteTeam "Texas Rio Grande Valley Univ"]
[BlackTeam "Texas Dallas Univ III"]
[WhiteTeamCountry "USA"]
[BlackTeamCountry "USA"]

1. d4 Nf6 2. Bg5 e6 3. e4 h6 4. Bxf6 Qxf6 5. Nf3 d6 6. Nc3 Qe7 7. g3 g6 8. Bg2 Bg7 9. 0-0 0-0 10. Re1 Nd7 11. Qd2 a6 12. e5 dxe5 13. dxe5 Nb6 14. Qf4 Bd7 15. Nd2 Rab8 16. Nde4 g5 17. Nf6+ Bxf6 18. exf6 gxf4 19. fxe7 Rfe8 20. gxf4 Rxe7 21. f5 e5 22. Be4 f6 23. f3 Rg7+ 24. Kf2 Kf7 25. Rg1 Rxg1 26. Rxg1 c6 27. b3 Rg8 28. Rd1 Ke7 29. Ne2 Nc8 30. Ng3 Nd6 31. c4 a5 32. Nh5 Nxe4+ 33. fxe4 Be8 34. Ng3 Bf7 35. Rb1 h5 36. Nf1 Rd8 37. Ke3 Rg8 38. Kf2 Rg4 39. Nd2 Rf4+ 40. Ke3 Rh4 41. Nf3 Rg4 42. c5 Kd8 43. Rg1 Rxg1 44. Nxg1 Kc7 1/2-1/2